| 000 | 00000nas 2200000za 4500 |
| 001 | 9.507769 |
| 003 | CaOODSP |
| 005 | 20221107133825 |
| 007 | cr ||||||||||| |
| 008 | 150406d20032008oncar p o f0 a0eng|d |
| 020 | |z0-662-68463-X|z0-662-40469-6 |
| 022 | |a2290-560X |
| 040 | |aCaOODSP|beng |
| 043 | |an-cn--- |
| 086 | 1 |aPS96E-PDF|zPS96-2003|zPS96-2004E-PDF |
| 110 | 1 |aCanada.|bPublic Safety and Emergency Preparedness Canada. |bCanada Firearms Centre. |
| 222 | 0|aReport |b(Canada Firearms Centre. Online) |
| 245 | 10|aReport |h[electronic resource] / |cCommissioner of Firearms. |
| 260 | |aOttawa : |bCanada Firearms Centre. |
| 310 | |aAnnual |
| 362 | 1 |aBegan with 2003; ceased with 2005. |
| 500 | |aIssued also in French under title: Rapport / Commissaire aux armes à feu. |
| 690 | 07|aFirearms|2gcpds |
| 690 | 07|aLegislation|2gcpds |
| 775 | 08|tRapport |w(CaOODSP)9.504148 |
| 776 | 0#|tCommissioner of Firearms - report |w(CaOODSP)9.511732 |
| 785 | 00|t... report |w(CaOODSP)9.506252 |